Responses for Show #7133 - Wednesday, September 23, 2015

WE ASKED: Magician Penn Jillette.

Contestants

[<< previous game]

Barbara Gao, an investment analyst from Chandler, Arizona

Austin Yates, a traffic engineer from Bellevue, Nebraska

Dylan Parson, a student from Slippery Rock, Pennsylvania (whose 1-day cash winnings total $5,399)

[next game >>]

Jeopardy! Round responses

2015 ANNIVERSARIES
RANDOM FACTS
NOTABLE WOMEN
EVERY OTHER LETTER A VOWEL
I'M GOIN' TO JACKSON
GONNA MESS AROUND
    $200 9
(Harry) Houdini

Austin
    $200 2
(Dylan: What is the Free Soil Party?)

the Republican Party

DylanAustin
    $400 16
George H.W. Bush

Barbara
    $400 10
nicotine

Austin
    $400 24
(Barbara: Who is Bessie? Oh, gosh. Jones?)
(Dylan: Who is Nina Simone?)

Bessie Smith

DylanBarbara
Triple Stumper
    $400 3
Mississippi

Dylan
    $400 25
[The end-of-round signal sounds.]

Game of Thrones

Barbara
    $600 15
The Guinness Book of Records

Austin
    $600 11
a pearl

Dylan
    $600 23
Ann Richards

Dylan
    $600 19
(Barbara: What is a mirage?)

facade

AustinBarbara
    $600 8
Memphis & Nashville

Austin
    $600 22
Dallas

Austin
    $800 13
Selma, Alabama

Dylan
    $800 1
Physiology

Austin
    $1,500 21
(Alex: And we now have less than a minute to go.)

Margaret Sanger

Dylan
    $800 18
manager

Barbara
    $800 4
Mobile Bay

Austin
    $800 7
Diane (Chambers)

Triple Stumper
    $1000 14
The Nation

Dylan
    $1000 12
Freetown

Dylan
    $1000 20
Wilhelmina

Dylan
    $1000 17
minaret

Austin
    $1000 5
Georgia

Dylan
    $1000 6
Chachi

Dylan

Scores at the first commercial break (after clue 14):

Dylan Austin Barbara
$5,600 $3,000 $0

Scores at the end of the Jeopardy! Round:

Dylan Austin Barbara
$8,300 $5,800 $600

Double Jeopardy! Round responses

PRESIDENTIAL HOPEFULS' RESUMÉ ITEMS
(Alex: We're dealing with the present, obviously.)
CLASSIC COMIC STRIPS
ANCIENT TIMES
ENDS IN "SH"
WORLD'S FAIRS & EXPOS
LITERATURE OF THE SOUTH PACIFIC
    $400 11
Bernie Sanders

Dylan
    $400 28
Garfield

Dylan
    $400 13
Antony

Barbara
    $400 24
(Alex: Correct, with less than a minute, now.)

flesh

Barbara
    $400 29
[The end-of-round signal sounds.]

the Statue of Liberty

Barbara
    $800 4
(Ben) Carson

Austin
    $800 27
Lucy

Barbara
    $800 16
China

Barbara
    $800 23
josh

Barbara
    $800 18
McKinley

Austin
    $800 25
(Jack) London

Barbara
    $1200 3
Fiorina

Barbara
    $1200 26
Calvin and Hobbes

Dylan
    $1200 15
Ur

Barbara
    $1200 22
(Dylan: Who is Garbo?)

Lillian Gish

Dylan
Triple Stumper
    $1200 17
Geronimo

Dylan
    $1200 19
Charles Dickens

Triple Stumper
    $1600 2
(Barbara: Who is Mitch Kasitch?
(Alex: No.)
(Barbara: Kas--)

John Kasich

DylanBarbara
    $1600 5
Hagar the Horrible

Austin
    $2,000 7
the Mayans

Austin
    $1600 9
Welsh

Dylan
    $1600 14
Milan

Triple Stumper
    $1600 20
(James) Michener

Austin
    $2,000 1
(Barbara: Who is Rand Paul?)

Lindsey Graham

Barbara
    $2000 6
(Austin: Who is Li'l Abner?)

Pogo

Austin
Triple Stumper
    $2000 8
Pericles

Triple Stumper
    $2000 10
the bottlebrush

Triple Stumper
    $2000 12
Chicago

Barbara
    $2000 21
(Elizabeth) Gilbert

Barbara

Scores at the end of the Double Jeopardy! Round:

Dylan Austin Barbara
$13,500 $10,600 $7,800

[wagering suggestions for these scores]

Final Jeopardy! Round responses

HISTORIC LEGISLATION
BarbaraWhat is the Missouri Compromise?
$7,800
AustinWhat is the Missouri Compromise?
$8,000
DylanWhat is the Missouri Compromise?
$5,700
the Missouri Compromise

Final scores:

Dylan Austin Barbara
$19,200 $18,600 $15,600
2-day champion: $24,599 2nd place: $2,000 3rd place: $1,000

Game dynamics:

Coryat scores:

Dylan Austin Barbara
$12,800 $10,200 $9,800
16 R
(including 1 DD),
3 W
15 R
(including 1 DD),
1 W
14 R,
4 W
(including 1 DD)

Combined Coryat: $32,800

[game clues] [game scores] [suggest correction]

Game tape date: 2015-08-26
The J! Archive is created by fans, for fans. Scraping, republication, monetization, and malicious use prohibited; this site may use cookies and collect identifying information. See terms. The Jeopardy! game show and all elements thereof, including but not limited to copyright and trademark thereto, are the property of Jeopardy Productions, Inc. and are protected under law. This website is not affiliated with, sponsored by, or operated by Jeopardy Productions, Inc. Join the discussion at JBoard.tv.